[Event "World Cup U16 Prel"]
[Site "Tornelo INT"]
[Date "2021.08.16"]
[Round "2"]
[White "Van der Merwe, Alexander"]
[Black "Shuping, Omphile"]
[Result "1-0"]
[WhiteElo "1655"]
[BlackElo "1272"]
[PlyCount "53"]
[EventDate "2021.08.16"]
[EventType "swiss (rapid)"]
[EventRounds "10"]
[EventCountry "NET"]
[SourceTitle "EXT 2025"]
[Source "ChessBase"]
[SourceDate "2024.10.14"]
[SourceVersion "1"]
[SourceVersionDate "2024.10.14"]
[SourceQuality "1"]

1. e4 c5 2. Nf3 d6 3. d4 cxd4 4. Nxd4 Nf6 5. Nc3 a6 6. h3 e6 7. g4 b5 8. Bg2 Bb7 9. a3 Nbd7 10. 0-0 h6 11. Re1 Be7 12. e5 dxe5 13. Nxe6 fxe6 14. Bxb7 Ra7 15. Bg2 0-0 16. Be3 Bc5 17. Bxc5 Nxc5 18. Rxe5 Qb6 19. Qe2 Re7 20. Re1 Nfd7 21. Nd5 exd5 22. Rxe7 Nf6 23. Qe3 Qd6 24. Qe5 Qc6 25. b4 Nce4 26. Bxe4 Nxe4 27. Qxg7# 1-0